Which City in D.R. Congo? - Statistics

General Stats
  • This quiz has been taken 22 times
  • The average score is 6 of 15
Answer Stats
Description Letter City % Correct
Capital of D.R. Congo K Kinshasa
100%
Second largest city, located in the Katanga Boot L Lubumbashi
83%
Located between Lake Kivu and Mount Nyiragongo G Goma
67%
Largest city in northern D.R. Congo, formerly known as "Stanleyville" K Kisangani
67%
City at the center of D.R. Congo's diamond mining industry M Mbuji-Mayi
67%
Located at the southern tip of Lake Kivu B Bukavu
61%
Also the name of a villain in the James Bond movie "Live And Let Die" K Kananga
56%
Largest port city in D.R. Congo, located upstream on the Congo River M Matadi
39%
Capital city of the Kasaï Province T Tshikapa
28%
Mount Stanley is southeast of this 4-letter city B Beni
17%
Lake Tanganyika city located close to the border with Burundi U Uvira
17%
Twenty kilometers west of this city was the Shinkolobwe uranium mine L Likasi
11%
Formerly known as "Équateurville" and "Coquilhatville" M Mbandaka
11%
Largest city directly on D.R. Congo's 40-kilometer Atlantic coast M Muanda
11%
City across the Ubangi River from Bangui, the capital of the Central African Republic Z Zongo
11%
No matching quizzes found
Score Distribution
Percent of People with Each Score
Percentile by Number Answered
Your Score History
You have not taken this quiz